|
|
|
|
| LEADER |
00000nam a2200000 a 4500 |
| 001 |
vtls001431464 |
| 003 |
SK-MaSNL |
| 005 |
20260301202727.0 |
| 008 |
240313s1966 xx 0 und |
| 035 |
|
|
|a SNK000386507
|
| 040 |
|
|
|a SNK
|b slo
|c SNK
|e AACR2
|
| 100 |
1 |
|
|a Vataščín, Andrej
|4 aut
|9 585197
|
| 245 |
1 |
|
|a O výchovnom pôsobení v slovenskom jazyku
|
| 260 |
|
|
|a Bratislava
|b Slovenské pedagogické nakladateľstvo
|c 1966
|
| 300 |
|
|
|a 43 s.
|
| 958 |
|
|
|a OND
|
| 999 |
|
|
|c 899987
|d 901917
|
| 952 |
|
|
|a SNK
|b SNK
|y PREZ
|7 0
|p 17A0837819
|o snkSB 12540
|0 0
|1 0
|4 0
|d 2012-07-30
|l 0
|r 2025-03-06 00:00:00
|w 2026-02-24
|
| 952 |
|
|
|t P60, <04>, [BOOK], {604}
|a SNK
|b SNK
|y VYP
|7 0
|p 17A0337605
|o snkSB 12540 D1
|0 0
|1 0
|4 0
|d 2002-03-25
|l 0
|r 2005-01-02 00:00:00
|w 2026-02-24
|